000 00915nam a2200289 i 4500
003 DO-SdBNP
005 20260305122949.0
007 ta
008 260305b |||||||| |||| 00| 0 spa d
020 _a1360-Folio 877
040 _aDO-SdBNP
_bspa
_cBNPHU
_erda
041 _aspa
082 _a696f
_bR635f
_222
100 _aMonzó, Antonio:
_eautor.
_950161
245 _aFísica General:
_b4 curso educacion media/
_cAntonio Monzó.
260 _aSanto Domingo:
_bDISESA-Santo Domingo;
_c1986.
264 _a DISESA;
_bEditora Corripio C. por A.
_c1986
300 _a293 páginas;
_bIlustraciones, y Fotografías;
_c23 cm.
336 _atexto
_btxt
_2rdacontent
337 _asin mediación
_bn
_2rdamedia
338 _avolumen
_bnc
_2rdacarrier
500 _aEducación media 2do. Teórico.
590 _aInventariado, 2026 / AG
650 _2Fisica
_xLibro de texto
_985372
910 _aAG
942 _2ddc
_cLBS1
999 _c60440
_d60440